000 00938nam0a22002531 4500
001 rc\3389314
005 20260407144521.0
021 _aRU
_b[69-49905]
035 _a(NLR Aleph) 007537890
090 _a9739417
_c9739417
100 _a20130115d1969 |||y0rusy50 ca
101 0 _arus
102 _aRU
105 _aa d |||||
200 1 _aАнглийские игрушки
_e[Реферативная информация]
_fГл. упр. по производству игрушек МЛП СССР. Всесоюз. науч.-исслед. ин-т игрушки
210 _a[Москва]
_cБ. и.
_d1969
215 _a27 с.
_cил.
_d30
606 _aИгрушки зарубежные
_jПатенты
_jРефераты
_2psbo
712 0 2 _aНИИ игрушки
_cЗагорск
_9535812
_3RU\NLR\AUTH\8810018964
801 0 _aRU
_bNLR
_gpsbo
801 1 _aRU
_bELAR
_2rusmarc
852 _aNLR
_j69-9/187
942 _cBOOK
980 _aNB